|
|
|
|
| LEADER |
02800nam a2200733 i 4500 |
| 001 |
nkc20213328567 |
| 003 |
CZ PrNK |
| 005 |
20231122101311.0 |
| 007 |
ta |
| 008 |
210617s2021 xr ach e 010 0 cze |
| 015 |
|
|
|a cnb003328567
|
| 020 |
|
|
|a 978-80-86472-83-6
|q (Garamon ;
|q vázáno)
|
| 035 |
|
|
|a (OCoLC)1263285378
|
| 040 |
|
|
|a BOA001
|b cze
|d ABA001
|e rda
|
| 043 |
|
|
|a e-xr---
|b e-xr-st
|b e-xr-kr
|b e-xr-pa
|2 czenas
|
| 045 |
|
|
|a w3y2
|
| 072 |
|
7 |
|a 664
|x Potravinářský průmysl
|2 Konspekt
|9 19
|
| 080 |
|
|
|a 664.1:005.71
|2 MRF
|
| 080 |
|
|
|a 664.1
|2 MRF
|
| 080 |
|
|
|a 663.5
|2 MRF
|
| 080 |
|
|
|a 338.45(091)
|2 MRF
|
| 080 |
|
|
|a (437.312)
|2 MRF
|
| 080 |
|
|
|a (437.313)
|2 MRF
|
| 080 |
|
|
|a (437.314)
|2 MRF
|
| 080 |
|
|
|a (082.2)
|2 MRF
|
| 080 |
|
|
|a (084.11)
|2 MRF
|
| 100 |
1 |
|
|a Froněk, Daniel
|7 uzp2006368891
|4 aut
|
| 245 |
1 |
0 |
|a 190 let TTD /
|c Daniel Froněk
|
| 246 |
3 |
|
|a Sto devadesát let TTD
|
| 264 |
|
1 |
|a Hradec Králové ;
|a Dobrovice :
|b Garamon, s.r.o. ve spolupráci s Tereos TTD, a.s.,
|c 2021
|
| 300 |
|
|
|a 111 stran :
|b ilustrace (převážně barevné), portréty, faksimile ;
|c 24 cm
|
| 336 |
|
|
|a text
|b txt
|2 rdacontent
|
| 336 |
|
|
|a statický obraz
|b sti
|2 rdacontent
|
| 337 |
|
|
|a bez média
|b n
|2 rdamedia
|
| 338 |
|
|
|a svazek
|b nc
|2 rdacarrier
|
| 610 |
2 |
7 |
|a Cukrovary TTD (firma)
|7 ko2011646521
|2 czenas
|
| 648 |
|
4 |
|a 1831-2021
|
| 648 |
|
7 |
|a 19.-21. století
|7 ch757016
|2 czenas
|
| 650 |
0 |
7 |
|a cukrovary
|7 ph114266
|z Česko
|y 19.-21. století
|2 czenas
|
| 650 |
0 |
7 |
|a cukrovarnictví
|7 ph114265
|z Česko
|y 19.-21. století
|2 czenas
|
| 650 |
0 |
7 |
|a lihovarnictví
|7 ph122351
|z Česko
|y 19.-21. století
|2 czenas
|
| 650 |
0 |
7 |
|a dějiny průmyslu
|7 ph488969
|z Česko
|y 19.-21. století
|2 czenas
|
| 650 |
0 |
9 |
|a sugar refinery
|z Czechia
|y 19th-21st centuries
|2 eczenas
|
| 650 |
0 |
9 |
|a sugar industry
|z Czechia
|y 19th-21st centuries
|2 eczenas
|
| 650 |
0 |
9 |
|a distillery
|z Czechia
|y 19th-21st centuries
|2 eczenas
|
| 650 |
0 |
9 |
|a history of industry
|z Czechia
|y 19th-21st centuries
|2 eczenas
|
| 651 |
|
7 |
|a Dobrovice (Česko)
|7 ge129016
|2 czenas
|
| 651 |
|
7 |
|a České Meziříčí (Česko)
|7 ge371296
|2 czenas
|
| 651 |
|
7 |
|a Chrudim (Česko)
|7 ge128952
|2 czenas
|
| 651 |
|
7 |
|a Kolín (Česko)
|7 ge129619
|2 czenas
|
| 651 |
|
9 |
|a Dobrovice (Czechia)
|2 eczenas
|
| 651 |
|
9 |
|a České Meziříčí (Czechia)
|2 eczenas
|
| 651 |
|
9 |
|a Chrudim (Czechia)
|2 eczenas
|
| 651 |
|
9 |
|a Kolín (Czechia)
|2 eczenas
|
| 655 |
|
7 |
|a jubilejní publikace
|7 fd131839
|2 czenas
|
| 655 |
|
7 |
|a obrazové publikace
|7 fd132947
|2 czenas
|
| 655 |
|
9 |
|a jubilee books
|2 eczenas
|
| 655 |
|
9 |
|a pictorial works
|2 eczenas
|
| 910 |
2 |
|
|a BOA001
|b 2-1469.211
|
| 928 |
9 |
|
|a Tereos TTD
|
| 990 |
|
|
|a BK
|
| 995 |
|
|
|a 01
|
| 991 |
|
|
|b 202107
|c NOV
|
| 996 |
6 |
|
|b 2610871315
|c 2-1469.211
|l MZK
|r Sklad / do 1 hodiny
|n 0
|p p.v.
|w 001857124
|u 000010
|a 1
|e BOA001
|j MZK50
|s P
|